Principles of Geotechnical Engineering (Record no. 5387)

MARC details
000 -LEADER
fixed length control field 00359nam a2200145Ia 4500
008 - FIXED-LENGTH DATA ELEMENTS--GENERAL INFORMATION
fixed length control field 191201s2012 xx 000 0 und d
082 ## - DEWEY DECIMAL CLASSIFICATION NUMBER
Classification number 624.151
Item number DAP
100 ## - MAIN ENTRY--PERSONAL NAME
Personal name DAS, Braja M
245 #0 - TITLE STATEMENT
Title Principles of Geotechnical Engineering
250 ## - EDITION STATEMENT
Edition statement Rep
260 ## - PUBLICATION, DISTRIBUTION, ETC. (IMPRINT)
Place of publication, distribution, etc N. Delhi
Name of publisher, distributor, etc CENGAGE Learning
Date of publication, distribution, etc 2012
300 ## - PHYSICAL DESCRIPTION
Extent 589
650 ## - SUBJECT ADDED ENTRY--TOPICAL TERM
Topical term or geographic name as entry element B.Tech(CE)
942 ## - ADDED ENTRY ELEMENTS (KOHA)
Source of classification or shelving scheme Dewey Decimal Classification
Koha item type Text Books
Holdings
Withdrawn status Lost status Source of classification or shelving scheme Damaged status Not for loan Collection code Home library Current library Date acquired Source of acquisition Cost, normal purchase price Bill Number Total Checkouts Full call number Acc. no. / Barcode Date last seen Bill Date Koha item type Date last borrowed
    Dewey Decimal Classification   Not For Loan B.Tech(CE) PIET C-LIBRARY PIET C-LIBRARY 17/07/2012 IBH, New Delhi 460.00 5685   624.151 DAP 20293 04/12/2019 14/07/2012 Text Books  
    Dewey Decimal Classification     B.Tech(CE) PIET C-LIBRARY PIET C-LIBRARY 17/07/2012 IBH, New Delhi 460.00 5685 3 624.151 DAP 20294 24/12/2025 14/07/2012 Text Books 22/12/2025
    Dewey Decimal Classification     B.Tech(CE) PIET C-LIBRARY PIET C-LIBRARY 17/07/2012 IBH, New Delhi 460.00 5685   624.151 DAP 20295 04/12/2019 14/07/2012 Text Books  
    Dewey Decimal Classification     B.Tech(CE) PIET C-LIBRARY PIET C-LIBRARY 17/07/2012 IBH, New Delhi 460.00 5685 1 624.151 DAP 20296 01/07/2022 14/07/2012 Text Books 01/07/2022

Design & Developed by: PIET Central Library
R70 Miles Stone Pattikalyana Samalkha Panipat 132102
mail ID :- [email protected], Phone No:- 0180-2569700 Ex.216